Autobusová stanica v Banskej Bystrici

Saved in:
Bibliographic Details
Main Author: Mikuláš, Pavol (Author)
Other Authors: Šoltész, Július (Thesis advisor)
Format: Manuscript Book
Language:Slovak
Published: 2017
Subjects:
Online Access:http://is.stuba.sk/zp/portal_zp.pl?podrobnosti=118199
https://opac.crzp.sk/?fn=detailBiblioForm&sid=4B7A8F8230E49217391B648DC396
Tags: Add Tag
No Tags, Be the first to tag this record!

MARC

LEADER 00000ntm a22000003a 4500
001 stuzp63614
003 SK-STU
005 20230816131651.6
007 ta
008 150427s2015----xo-----f-mn---000-0-slo-d
040 |a STU  |b slo 
041 0 |a slo 
100 1 |a Mikuláš, Pavol  |u 010110  |4 aut  |U SvF Stavebná fakulta  |T SvF Katedra betónových konštrukcií a mostov  |X 7572  |U V110  |Y 11  |7 A000007572 
242 0 1 |a Bus terminal in Banská Bystrica  |y eng 
245 1 0 |a Autobusová stanica v Banskej Bystrici 
260 |c 2017 
650 4 |a autobusová stanica  |2 slo 
650 4 |a variant nosného systému  |2 slo 
650 4 |a prefabrikácia  |2 slo 
650 4 |a bus terminal  |2 eng 
650 4 |a structural system variant  |2 eng 
650 4 |a pre-casting  |2 eng 
700 1 |a Šoltész, Július  |u 010110  |k Z8  |4 ths  |U SvF Stavebná fakulta  |T SvF Katedra betónových konštrukcií a mostov  |X 638  |U V110  |Y 11  |7 A000000638 
856 4 |u http://is.stuba.sk/zp/portal_zp.pl?podrobnosti=118199 
856 4 |u https://opac.crzp.sk/?fn=detailBiblioForm&sid=4B7A8F8230E49217391B648DC396